000 00695nab a2200193 4500
001 244442
003 OSt
005 20240903085624.0
007 tu
008 200917s2020|||||||
040 _aDE-2950
_cDE-2950
245 0 0 _aEin Überraschungsgast zum Abschluss der Konzertreihe
_bKlassik ohne Grenzen. Über 5.000 Besucher kamen an den Anger in Frankfurt zum letzte Konzert in diesem Sommer. Im Publikum saß auch der Ministerpräsident/
_cLeonard Palm
264 _c2024
653 _aFrankfurt (Oder)
653 _aKlassik ohne Grenzen
653 _aAbschlusskonzert
773 0 _g35. Jahrgang (2024) Nr. 205 vom 02.09.2024, S. 13, mit Foto
_tMärkische Oderzeitung
942 _2z
_cA
999 _c373314
_d373314